00810cam a22002531 4500001001300000003000400013005001700017008004100034010001700075015001400092035001900106040002100125042001200146050001700158100004500175245005800220260003500278300003300313440005800346504006800404650001100472700005600483999001700539agr50000461 DLC20260227111013.0761222s1950 nyu 000 0 eng  aagr50000461  aGB50-8139 a(OCoLC)2640890 aDLCcOTdUkdDLC apremarc00aSF395b.C2481 aCarroll, W. E.q(William Ernest),d1882-10aSwine production,cby W. E. Carroll and J. L. Krider. aNew York,bMcGraw-Hill,c1950. aviii, 498 p.billus.c24 cm. 0aMcGraw-Hill publications in the agricultural sciences a"Literature cited" at end of each chapter except the twentieth. 0aSwine.1 aKrider, J. L.q(Jake Luther),d1913-ejoint author. c11199d11199